000 01112nam a22003137a 4500
003 CHAP
005 20220329141634.0
008 971013s1992 r 00010 d
010 _a71465
011 _a72437
035 _a81992
040 _cCHAP
082 _a632.952
_bM4
100 0 0 _aMendoza Zamora, Cecilio.
_974770
245 _aFungicidas sistémicos y su modo de acción
260 _aChapingo, Méx. :
_bUACH. Departamento de Parasitología Agrícola,
_c1992
300 _a91 h.
590 _aBATCH-UPD
_b10
_c20130110
_lUCH01
_h2101
590 _aBATCH-UPD
_b10
_c20130410
_lUCH01
_h1413
590 _aBATCH-UPD
_b10
_c20130914
_lUCH01
_h1452
590 _aCONVERSION
_b10
_c20130109
_lUCH01
_h1339
650 1 4 _aFungicidas sistémicos.
_944048
901 _aBK
942 _cLIBRO
949 _a632.952 M4
_bBC
_cLIBRO
_d33724000187209
_eLIBRO
_h86672
_i81992
_si
949 _a632.952 M4
_bBC
_cLIBRO
_d33724000187225
_eLIBRO
_fc.4
_h87827
_i81992
_mD
_si
949 _a632.952 M4
_bBC
_cLIBRO
_d33724000828877
_eLIBRO
_fc.3
_h87826
_i81992
_mD
_si
949 _a632.952 M4
_bBC
_cUACH
_d-35778
_eUACH
_fc.2
_h86673
_i81992
_si
999 _c71465
_d71465